000 00392nam a22001457a 4500
005 20200618135228.0
008 200618b xxu||||| |||| 00| 0 eng d
082 _a345.4 AIR
110 _aALL INDIA REPORTER,
_96171
245 _aALL INDIA REPORTER, [1995] [VOL-82] DELHI SECTION
260 _aMUMBAI
_bALL INDIA REPORTER,PVT. LTD
300 _a24788
650 _aLAW
_95701
942 _cJRL
999 _c7222
_d7220